000 00646nam a22002417a 4500
003 UA-OsUOA
001 126032
007 ta
008 20171005b un ||||| |||| 00| 0 ukr d
100 _aПотушняк Ф.
090 _a821.161.2
_bП64
942 _cBK
040 _aUA-OsUOA
_bukr
_cUA-OsUOA
_dUA-OsUOA
245 _aМій сад
_bпоезії та драми
300 _a571 с.
955 _a3
041 _aukr
080 _a821.161.2
020 _a966-347-042-9
260 _aУжгород
_bЗакарпаття
_c2007
650 7 _a82 Література. Літературознавство
_2UDC
999 _c413272
_d413272